Percepción de mejora personal y social en los alumnos mediadores y mediados y profesores mediadores (Record no. 175555)
[ view plain ]
| 000 -CABECERA | |
|---|---|
| campo de control de longitud fija | 01767nab a2200301 a 4500 |
| 005 - FECHA Y HORA DE LA ÚLTIMA TRANSACCIÓN | |
| campo de control | 20210219162408.0 |
| 008 - ELEMENTOS DE LONGITUD FIJA--INFORMACIÓN GENERAL | |
| campo de control de longitud fija | 991125s1985 mx 000 0 spa u |
| 035 ## - NÚMERO DE CONTROL DEL SISTEMA | |
| Número de control de sistema | UPN01000203454 |
| 049 ## - COLECCIÓN | |
| Colección | ART-E |
| 100 1# - ASIENTO PRINCIPAL--NOMBRE PERSONAL | |
| Nombre de persona | Ibarrola García, Sara |
| 100 1# - ASIENTO PRINCIPAL--NOMBRE PERSONAL | |
| Nombre de persona | Iriarte Redín, Concha |
| 222 #0 - TÍTULO CLAVE | |
| Título clave | CAMPO ABIERTO : |
| Información calificativa | REVISTA DE EDUCACION |
| 245 00 - MENCIÓN DE TÍTULO | |
| Título | Percepción de mejora personal y social en los alumnos mediadores y mediados y profesores mediadores |
| 260 ## - PUBLICACIÓN, DISTRIBUCIÓN, ETC. | |
| Lugar de publicación, distribución, etc. | España |
| 300 ## - DESCRIPCIÓN FÍSICA | |
| Extensión | 117-143 |
| 362 0# - FECHAS DE PUBLICACIÓN Y/O DESIGNACIÓN SECUENCIAL | |
| Fecha de publicación y/o designación secuencial | 2013 Vol. 32, no. 2 |
| 336 ## - TIPO DE CONTENIDO | |
| Término de tipo de contenido | texto$2rdacontent |
| 337 ## - TIPO DE MEDIO | |
| Nombre/término del tipo de medio | computadora$2rdamedia |
| 338 ## - TIPO DE SOPORTE | |
| Nombre/término del tipo de soporte | recurso en linea$2rdacarrier |
| 520 3# - NOTA DE RESUMEN, ETC. | |
| Sumario, etc. | La mediación escolar capacita para la convivencia positiva, sin embargo las evaluaciones realizadas sobre su efectividad aún no son muchas en nuestro país. El objetivo de este estudio es conocer cuál es el impacto de la mediación que las personas implicadas han percibido personalmente y en su entorno de convivencia. Para ello se han recogido datos mediante cuestionarios elaborados ad hoc y validados, en una muestra de 50 profesores mediadores, 33 alumnos mediadores y 23 alumnos mediados, con edades comprendidas entre los 13 y los 18 años ( =15,27 y s=1,543), analizando la comparabilidad y el contraste entre los tres grupos implicados. Los resultados ponen de relieve la percepción de aprendizajes emocionales, sociocognitivos y morales que la mediación promueve y la prevalencia de altas puntuaciones en la validez social de la mediación. |
| 653 0# - TERMINO DE INDIZACION - NO CONTROLADO | |
| Término no controlado | RELACIONES INTERPERSONALES |
| 653 0# - TERMINO DE INDIZACION - NO CONTROLADO | |
| Término no controlado | DESARROLLO AFECTIVO |
| 653 0# - TERMINO DE INDIZACION - NO CONTROLADO | |
| Término no controlado | COMPETENCIA EMOCIONAL |
| 653 0# - TERMINO DE INDIZACION - NO CONTROLADO | |
| Término no controlado | CONFLICTOS |
| 856 4# - LOCALIZACIÓN Y ACCESO ELECTRÓNICOS | |
| Identificador Uniforme del Recurso | <a href="http://www.revistacampoabierto.com/">http://www.revistacampoabierto.com/</a> |
| 905 ## - TIPO DE MATERIAL | |
| Tipo de material | Articulo |
No items available.
